000 00345nam a2200145Ia 4500
005 20260328101453.0
008 260328s9999||||xx |||||||||||||| ||und||
100 _aRuano, Miguel
245 0 _aMarketing para Arquitectos /
_cMiguel Ruano
250 _a1a ed.
260 _bGustavo Gili
300 _a95 p.
650 _aARQUITECTOS
942 _cBK
999 _c8722
_d8722